Más allá de la feminidad: Nuevos horizontes del sajiao en la sociedad taiwanesa. (notice n° 1716539)

détails MARC
000 -LEADER
fixed length control field 01400cam a2200181 4500500
005 - DATE AND TIME OF LATEST TRANSACTION
control field 20260322001636.0
041 ## - LANGUAGE CODE
Language code of text/sound track or separate title fre
042 ## - AUTHENTICATION CODE
Authentication code dc
100 10 - MAIN ENTRY--PERSONAL NAME
Personal name Lee, Yu-Tse
Relator term author
245 00 - TITLE STATEMENT
Title Más allá de la feminidad: Nuevos horizontes del sajiao en la sociedad taiwanesa.
260 ## - PUBLICATION, DISTRIBUTION, ETC.
Date of publication, distribution, etc. 2025.<br/>
500 ## - GENERAL NOTE
General note 61
520 ## - SUMMARY, ETC.
Summary, etc. Este estudio explora el fenómeno de sajiao en Taiwán, una práctica principalmente asociada a las mujeres y caracterizada por una voz y un comportamiento infantiles. Tradicionalmente utilizado en contextos íntimos, el sajiao refuerza una imagen de feminidad y dependencia, al tiempo que actúa como una estrategia de cortesía para subvertir las dinámicas de poder y obtener favores. Desde hace más de una década, su uso se ha extendido a los hombres, incluso en contextos profesionales, lo que refleja cambios sociales significativos. El estudio examina de forma empírica cómo esta práctica persiste y se adapta en una sociedad en evolución. Los resultados confirman que el sajiao se adopta independientemente del género o la orientación sexual, por lo que trasciende las fronteras.
700 10 - ADDED ENTRY--PERSONAL NAME
Personal name Simon, Anne-Catherine
Relator term author
700 10 - ADDED ENTRY--PERSONAL NAME
Personal name Arnold, Aron
Relator term author
786 0# - DATA SOURCE ENTRY
Note Langage et société | 186 | 3 | 2025-12-22 | p. 87-115 | 0181-4095
856 41 - ELECTRONIC LOCATION AND ACCESS
Uniform Resource Identifier <a href="https://shs.cairn.info/revista-langage-et-societe-2025-3-page-87?lang=es&redirect-ssocas=7080">https://shs.cairn.info/revista-langage-et-societe-2025-3-page-87?lang=es&redirect-ssocas=7080</a>

Pas d'exemplaire disponible.

PLUDOC

PLUDOC est la plateforme unique et centralisée de gestion des bibliothèques physiques et numériques de Guinée administré par le CEDUST. Elle est la plus grande base de données de ressources documentaires pour les Étudiants, Enseignants chercheurs et Chercheurs de Guinée.

Adresse

627 919 101/664 919 101

25 boulevard du commerce
Kaloum, Conakry, Guinée

Réseaux sociaux

Powered by Netsen Group @ 2025